El consultor psciopedagógico en la escuela
-д хадгалсан:
| Үндсэн зохиолчид: | , |
|---|---|
| Формат: | Ном |
| Хэл сонгох: | испани |
| Хэвлэсэн: |
Buenos Aires
Guadalupe
1976
|
| Цуврал: | Biblioteca Pedagógica. Sección: problemática de la educación
|
| Нөхцлүүд: | |
| Шошгууд: |
Шошго нэмэх
Шошго байхгүй, Энэхүү баримтыг шошголох эхний хүн болох!
|
MARC
| LEADER | 00000nam a2200000 a 4500 | ||
|---|---|---|---|
| 001 | UCU0563 | ||
| 003 | CL-VaPUC | ||
| 008 | 960322e19760000AG |||||||||||||||||spa|d | ||
| 082 | 0 | 4 | |a 371.713 |b DIN |2 21 |
| 100 | 0 | |a Dinkmeyer, Don |e author |9 355850 | |
| 700 | 0 | |a Carlson, Jon |e author |9 355851 | |
| 245 | 1 | 3 | |a El consultor psciopedagógico en la escuela |
| 300 | |a 367 p | ||
| 942 | |c BK | ||
| 945 | |d 19960322 00:00:00 |a lriquelm | ||
| 260 | |a Buenos Aires |b Guadalupe |c 1976 | ||
| 650 | 7 | |a CONSULTORES |2 CL-VaPUC |9 270927 | |
| 650 | 0 | |a Psicología educacional |9 307830 | |
| 650 | 0 | |a Escuelas |9 308582 | |
| 650 | 7 | |a RELACIONES PADRES DOCENTES |2 CL-VaPUC |9 339338 | |
| 583 | |a last modification |c 19960322 00:00:00 |k Rodrigo Vera | ||
| 490 | 0 | |a Biblioteca Pedagógica. Sección: problemática de la educación | |
| 999 | |c 245404 |d 245402 | ||
| 952 | |0 0 |1 0 |4 0 |6 371_713000000000000_DIN_1976 |7 0 |8 P |9 259901 |a BIBEDU |b BIBEDU |c BIBEDU_PB |d 2019-11-19 |i 163836K |o 371.713 DIN 1976 |p 163836K |r 2024-01-25 |w 2019-11-19 |y BK |k EDU | ||